| 000 | 00792nam a2200253 i 4500 | ||
|---|---|---|---|
| 005 | 20260625111141.0 | ||
| 008 | 260625t20242024my gr 000 f eng d | ||
| 020 |
_a9786299503309 _cRM79.90 _qpaperback |
||
| 040 |
_aPPAK _beng _cPPAK _erda |
||
| 082 | 0 | 4 |
_223 _a823.92 |
| 090 | 0 | 0 |
_a823.92 _bJOH _dG |
| 100 | 0 |
_aJohan Haniff, _q(Muhammad Johan bin Mohd Haniff), _eauthor. |
|
| 245 | 1 | 4 |
_aTHE ENIGMA / _cBY JOHAN HANIFF |
| 250 | _aFirst Edition | ||
| 264 | 1 |
_aPetaling Jaya, Selangor : _bHANDBILL BERHAD, _c2024 |
|
| 264 | 4 | _c©2024 | |
| 300 |
_a495 pages ; _c20 cm |
||
| 336 |
_atext _2rdacontent |
||
| 337 |
_aunmediated _2rdamedia |
||
| 338 |
_avolume _2rdacarrier |
||
| 650 | 1 | 0 | _aEnglish fiction |
| 650 | 2 | 4 | _aMalaysian fiction (English) |
| 942 |
_2ddc _cB |
||
| 999 |
_c204685 _d204685 |
||